[Event "Open de Sevilla 2012"]
[Site "?"]
[Date "2012.01.08"]
[Round "2"]
[White "Fernandez-Martos Machado, Eduardo"]
[Black "Svetushkin, Dmitry"]
[Result "0-1"]
[WhiteElo "2133"]
[BlackElo "2598"]
[Annotator "Montecatine,R"]
[PlyCount "56"]
[EventDate "2012.01.08"]
[SourceDate "2012.01.07"]

1. d4 d5 2. c4 c6 3. Nf3 Nf6 4. Nc3 dxc4 5. a4 Bf5 6. e3 e6 7. Bxc4 Bb4 8. O-O
O-O 9. Qe2 Bg4 10. Rd1 Nbd7 11. e4 h6 12. h3 Bh5 13. Bf4 Re8 14. Qe3 $6 (14.
Rac1) 14... Nd5 15. Qc1 (15. Bxd5 exd5 16. e5 Nf8 $15) 15... Nxf4 (15... Bxf3
16. gxf3 Nxf4 17. Qxf4 Ba5 $15) 16. Qxf4 Qa5 17. Ne2 Rad8 18. e5 (18. Ng3 Bg6
$15) 18... Nf8 (18... Nb6 19. Bd3 Nd5) 19. g4 Bg6 20. h4 c5 21. h5 Bc2 22. Rdc1
Bh7 23. g5 hxg5 24. Nxg5 Re7 25. Rd1 $2 (25. Nxh7 Nxh7 26. Rd1) 25... cxd4 (
25... Bc2 26. Ne4 Bxe4 (26... Bxd1 27. Nf6+ Kh8 28. h6 $11) 27. Qxe4 cxd4 $15)
26. Nxh7 Nxh7 {Diagrama #} 27. Rd3 $6 (27. Nxd4 Red7 28. Rd3) 27... Rc7 28. Rf3
$2 (28. Rxd4 Rxd4 29. Qxd4 Rc5 30. f4 Rd5 31. Qe4 Ng5 32. fxg5 Rxe5 33. Qd3
Rxg5+ 34. Kf1 Rxh5 $17) 28... Bd2 0-1

[Event "Open de Sevilla 2012"]
[Site "?"]
[Date "2012.01.08"]
[Round "2"]
[White "Castilla Leon Salas, Carlos"]
[Black "Sengupta, Deep"]
[Result "0-1"]
[WhiteElo "2126"]
[BlackElo "2562"]
[Annotator "Montecatine,R"]
[PlyCount "54"]
[EventDate "2012.01.08"]
[SourceDate "2012.01.07"]

1. d4 d5 2. c4 e6 3. Nc3 c6 4. e4 dxe4 5. Nxe4 Bb4+ 6. Bd2 Qxd4 7. Bxb4 Qxe4+
8. Be2 Na6 9. Bd6 Qxg2 10. Qd2 e5 (10... Qxh1 11. O-O-O Qe4 12. Be7 $18) 11.
Bf3 Qg6 12. Bxe5 Be6 13. O-O-O Nf6 14. Ne2 Qf5 15. Qc3 (15. Bf4 Bxc4 16. Ng3
Qc5 17. Be3 Qb4 18. Nf5 Qxd2+ 19. Rxd2 Bd5 20. Nxg7+ Kd7 21. Bg5 Kc7 22. Re1
Bxf3 23. Re7+ Kb6 24. Bxf6 Bd5 25. b4 Nxb4 26. a3 Na6 27. Rb2+ Ka5 28. Nf5 Rhe8
29. Rbxb7 Nc5 30. Rxa7+ Rxa7 31. Rxe8 Ne6 32. Rb8 Ka4 33. Ne3 Ka5 34. f4 Ka6
35. Kc2 Rb7 36. Ra8+ Ra7 37. Rxa7+ Kxa7 38. f5 Be4+ 39. Kc3 Nc7 40. Kd4 Bb1 41.
Ke5 Nd5 42. Nc4 Nb6 43. Nd2 Nd7+ 44. Kf4 Bd3 45. Bc3 Nb6 46. Bd4 Kb7 47. Ne4
Nd5+ 48. Ke5 Kc7 49. Nd6 Ne7 50. Bc5 Bc2 51. h4 Kd7 52. h5 Bd1 53. f6 Ng8 54.
Nxf7 Bxh5 55. Ng5 Nh6 56. Nxh7 Bd1 57. Nf8+ Ke8 58. Ne6 Nf7+ 59. Kf4 Kd7 60.
Nd4 Ba4 61. Kf5 Bd1 62. Kg6 Ke8 63. Nxc6 Ba4 64. Nd4 Bd1 65. Bb4 Ba4 66. Kg7
Ng5 67. Bd2 Nf7 68. Bf4 Bd1 69. Nb5 Bb3 70. a4 Nd8 71. a5 Ne6+ 72. Kh6 Nxf4 73.
a6 Bd5 74. Kg5 Ne6+ 75. Kf5 Nc5 76. Nc7+ Kf7 77. a7 Bh1 78. Nb5 Nd7 79. Nd6+
Kf8 80. Ne4 Nb6 81. Ke5 Kf7 82. Ng5+ Kf8 83. Ke6 Bd5+ 84. Kd6 Bg2 85. f7 Bd5
86. Kc5 Bxf7 87. Kxb6 Bd5 88. Ne6+ Ke7 89. Nc5 Ba8 90. Kc7 Ke8 91. Ne6 Ke7 92.
Nd4 Ke8 93. Nf5 Kf8 94. Kb8 Bd5 95. Nd6 Ke7 96. Nb7 Bxb7 97. Kxb7 {
1-0 (97) Gupta,A (2551)-Jayaram,A (2436)/Gaziantep 2008/}) 15... Nb4 16. Qxb4
Qxe5 17. Rhe1 (17. Qxb7 $4 Rb8 $19) 17... Qc7 18. Nd4 $6 ({El blanco había
demostrado haber estudiado esta compleja variante pero ahora permite al negro
resolver gratis el problema de su rey en el centro; se imponía} 18. Kb1 Rd8 19.
Nd4) 18... O-O-O {Diagrama #} 19. Re3 $2 (19. Qc5 Kb8 $15) (19. Nxe6 Rxd1+ 20.
Bxd1 fxe6 21. Rxe6 $2 Qf4+ 22. Re3 Nd5 $19) 19... Rxd4 20. Rxd4 c5 21. Bxb7+
Kb8 22. Qa3 cxd4 23. Rb3 Bxc4 24. Rb4 Bb5+ 25. Kb1 Qxb7 26. Qg3+ Ka8 27. a4
Bd3+ 0-1

[Event "Open de Sevilla 2012"]
[Site "?"]
[Date "2012.01.08"]
[Round "2"]
[White "Matamoros Franco, Carlos S"]
[Black "Carrabeo Garcia, Manuel"]
[Result "1-0"]
[WhiteElo "2552"]
[BlackElo "2123"]
[Annotator "Montecatine,R"]
[PlyCount "65"]
[EventDate "2012.01.08"]
[SourceDate "2012.01.07"]

1. Nf3 Nf6 2. c4 c5 3. g3 b6 4. Bg2 Bb7 5. O-O g6 6. Nc3 Bg7 7. d4 cxd4 8. Qxd4
d6 9. Be3 Nbd7 10. Rac1 O-O 11. Qh4 Rc8 12. b3 a6 13. Rfd1 Rc7 14. Bh3 Qb8 15.
g4 b5 (15... Qa8) 16. g5 $14 Bxf3 (16... Nh5 17. Nd5 Bxd5 18. cxd5 Nc5 19. Bg4
b4 20. Bxh5 gxh5 21. Rc4 a5 22. Qxh5 Qc8 23. Rf4 Be5 24. Nxe5 dxe5 25. Rf3 Ne4
26. Kh1 Rc2 27. Rg1 Rxa2 28. Rg4 Qc2 29. g6 Nxf2+ 30. Bxf2 fxg6 31. Rxf8+ Kxf8
32. Qxe5 g5 33. Rxg5 Qxe2 34. Qh8+ Kf7 35. Qg8+ Kf6 36. Qg7# {
1-0 (36) Fancsy,I (2405)-Anka,E (2477)/Hungary 2003}) 17. exf3 b4 18. Ne2 Ne5 (
18... Ne8 19. f4) 19. Nd4 $16 Nh5 20. f4 Nc6 21. Nxc6 Rxc6 22. Bg4 e6 23. Bxh5
gxh5 24. Qxh5 Rfc8 $6 {Diagrama #} (24... Qc7) 25. f5 $18 exf5 26. Rd5 Qc7 27.
Rxf5 Qe7 28. Rd1 Qe6 29. Rfd5 Be5 30. Bd2 Rb8 31. f4 Bb2 32. Re1 Qd7 33. Qf3
1-0

[Event "Open de Sevilla 2012"]
[Site "?"]
[Date "2012.01.08"]
[Round "2"]
[White "Morales Araujo, Francisco Javier"]
[Black "Teske, Henrik"]
[Result "0-1"]
[WhiteElo "2112"]
[BlackElo "2550"]
[Annotator "Montecatine,R"]
[PlyCount "46"]
[EventDate "2012.01.08"]
[SourceDate "2012.01.07"]

1. d4 Nf6 2. c4 e6 3. Nc3 Bb4 4. f3 d5 5. a3 Bxc3+ 6. bxc3 O-O 7. Nh3 (7. e3)
7... c5 8. dxc5 (8. cxd5 exd5 9. Nf4) 8... Na6 (8... Qa5 9. cxd5 exd5 10. Nf4
Qxc5) 9. cxd5 Nxc5 (9... exd5 10. Nf4 Nxc5 11. Be3 b6) 10. d6 (10. dxe6 $5 Qa5
(10... Qxd1+ 11. Kxd1 Bxe6 12. Nf4 Rfd8+ 13. Ke1 Nb3 14. Rb1 Nxc1 15. Rxc1 Rac8
) 11. Nf4 Bxe6 12. Nxe6 Nxe6 13. Qc2 Rac8 14. Bd2 Rfd8 15. e4 Qc5 $11) 10...
Qa5 (10... e5 11. Nf2 Be6 $15) 11. e4 Rd8 12. Be2 Ne8 {Diagrama #} 13. Bf4 (13.
e5 $2 Qxc3+ 14. Bd2 Qxe5) (13. Be3 Nxd6 14. Qb1 $15) 13... e5 $17 14. Bxe5 Nxe4
15. Qd4 N4xd6 16. O-O Bxh3 17. gxh3 Nc4 18. Bxc4 $2 (18. Qxc4 Qxe5 $17) 18...
Rxd4 19. cxd4 Rc8 $19 20. Rfc1 Kf8 21. a4 Qd2 22. Kh1 Qe3 23. Kg2 Rxc4 0-1

[Event "Open de Sevilla 2012"]
[Site "?"]
[Date "2012.01.08"]
[Round "2"]
[White "Cornette, Matthieu"]
[Black "Romero Romero, Sebastian"]
[Result "1-0"]
[WhiteElo "2545"]
[BlackElo "2109"]
[Annotator "Montecatine,R"]
[PlyCount "27"]
[EventDate "2012.01.08"]
[SourceDate "2012.01.07"]

1. e4 c5 2. Nf3 Nc6 3. Nc3 Nf6 4. Bb5 Nd4 5. e5 Nxb5 6. Nxb5 Nd5 7. Ng5 h6 {
Diagrama #} (7... f6 8. Qf3 Nb4) 8. Nxf7 Kxf7 9. Qf3+ Ke6 $2 (9... Nf6 10. exf6
exf6 11. Qd5+ Kg6 $14) 10. c4 $18 Nb6 11. d4 d5 12. dxc5 Nxc4 13. Nd4+ Kxe5 14.
Qf4# 1-0

[Event "Open de Sevilla 2012"]
[Site "?"]
[Date "2012.01.08"]
[Round "2"]
[White "Malakhatko, Vadim"]
[Black "Pena  Dieguez, Manuel"]
[Result "1-0"]
[WhiteElo "2524"]
[BlackElo "2087"]
[Annotator "Montecatine,R"]
[PlyCount "43"]
[EventDate "2012.01.08"]
[SourceDate "2012.01.07"]

1. c4 Nf6 2. Nc3 g6 3. Nf3 d5 4. cxd5 Nxd5 5. Qc2 Bg7 6. e4 Nb6 (6... Nb4 7.
Qa4+ N4c6 8. d4 O-O 9. Be3 Nd7) 7. d4 Nc6 8. d5 Nd4 (8... Ne5 9. Nxe5 Bxe5 10.
Bh6 e6 $14) 9. Nxd4 Bxd4 10. Bh6 $16 {Diagrama #} Bd7 (10... e6 11. Nb5 Be5 12.
O-O-O exd5 13. f4 Qh4 14. Nxc7+ Bxc7 15. Qxc7 Qxh6 16. Qe5+ Be6 17. exd5 O-O
18. dxe6 Rac8+ 19. Kb1 $16) 11. Rd1 Bxc3+ (11... Bc5) 12. Qxc3 $18 Rg8 13. Be2
Qc8 14. Bf4 g5 15. Bxc7 Na4 16. Qg3 Nc5 17. Rc1 Nxe4 18. Qe5 Bf5 19. Bb5+ Kf8
20. O-O f6 21. Qd4 Bg6 22. f3 1-0

[Event "Open de Sevilla 2012"]
[Site "?"]
[Date "2012.01.08"]
[Round "2"]
[White "Fernandez Romero, Ernesto"]
[Black "Coba Moncada, Jacinto"]
[Result "1-0"]
[WhiteElo "2471"]
[BlackElo "2056"]
[Annotator "Montecatine,R"]
[PlyCount "55"]
[EventDate "2012.01.08"]
[SourceDate "2012.01.07"]

1. e4 d6 2. d4 e5 3. Ne2 Nf6 4. Nbc3 c6 5. h3 Be7 6. g4 b5 7. a3 Nbd7 8. Bg2
Nb6 9. O-O h6 10. f4 Nfd7 11. b3 Bb7 12. Be3 a5 13. Ng3 exd4 (13... g6 $14) 14.
Bxd4 {Diagrama #} Bf6 $2 (14... O-O 15. Nf5 f6) 15. Nf5 $18 Nc8 16. e5 dxe5 17.
fxe5 Bxe5 18. Nxg7+ Ke7 19. Nf5+ Ke8 20. Nxb5 f6 (20... cxb5 21. Bxb7) 21. Bxe5
Qb6+ 22. Bd4 Qxb5 23. c4 Qa6 24. Ng7+ Kf7 25. Bxf6 Nxf6 26. Rxf6+ Kxg7 27. Qd7+
Kxf6 28. Rf1+ 1-0

[Event "Open de Sevilla 2012"]
[Site "?"]
[Date "2012.01.08"]
[Round "2"]
[White "Calvo Gomez-Alvarez, Juan P"]
[Black "Herraiz Hidalgo, Herminio"]
[Result "0-1"]
[WhiteElo "2050"]
[BlackElo "2469"]
[Annotator "Montecatine,R"]
[PlyCount "71"]
[EventDate "2012.01.08"]
[SourceDate "2012.01.07"]

1. e4 e6 2. d3 d5 3. Nd2 Nf6 4. g3 dxe4 5. dxe4 Bc5 6. Bg2 Nc6 7. Ngf3 O-O 8.
O-O e5 9. c3 (9. Qe2 Qe7) 9... a5 10. Qc2 (10. Qe2) 10... b6 11. Nc4 Ba6 12.
Rd1 Qe7 13. Ne3 Rad8 14. Nd5 Nxd5 15. exd5 e4 16. Ng5 $6 (16. Ne1 Ne5 17. Qxe4
f5 18. Qh4 Qxh4 19. gxh4 Ng4 $15) 16... Bd3 {Diagrama #} 17. Rxd3 $2 (17. Qb3
h6 18. dxc6 hxg5 $17) 17... exd3 18. Qxd3 $19 Qe1+ 19. Qf1 Bxf2+ 20. Kh1 Qxf1+
21. Bxf1 Ne7 $6 (21... Rxd5 22. Bf4 Nd8 $19) 22. c4 $6 (22. Ne4 Bc5 23. Nxc5
bxc5 24. c4 $17) 22... Ng6 (22... c6) 23. b4 (23. Nf3) 23... axb4 24. Rb1 Rfe8
25. Nh3 Bc5 26. Bd2 Ra8 27. Rb2 Ra3 28. Nf4 Nxf4 29. Bxf4 Re1 30. Kg2 Bd4 31.
Rc2 Ra1 32. Bxc7 R3xa2 33. Rxa2 Rxa2+ 34. Kf3 Rf2+ 35. Ke4 Rxf1 36. Kxd4 0-1

[Event "Open de Sevilla 2012"]
[Site "?"]
[Date "2012.01.08"]
[Round "2"]
[White "Herrera Mellado, Luis"]
[Black "Van Der Weide, Karel"]
[Result "0-1"]
[WhiteElo "2045"]
[BlackElo "2445"]
[Annotator "Montecatine,R"]
[PlyCount "70"]
[EventDate "2012.01.08"]
[SourceDate "2012.01.07"]

1. e4 e6 2. d4 d5 3. Nc3 Nf6 4. e5 Nfd7 5. Nce2 c5 6. c3 Nc6 7. f4 cxd4 8. cxd4
Qb6 9. Nf3 f6 10. exf6 Nxf6 11. g3 (11. Nc3 Ne4 (11... Bd6 12. Be2 O-O 13. O-O
a6 14. Kh1 Bd7 15. a3 Rac8 16. Bd3 Kh8 17. Be3 Na5 18. Qe2 Nc4 19. Bxc4 dxc4
20. d5 Qc7 21. dxe6 Bxe6 22. Bd4 Bg4 23. Be5 Nh5 24. Nd5 Qc5 25. Rad1 Bxe5 26.
fxe5 Rcd8 27. Qe4 Bf5 28. Qh4 Rxd5 29. Qxh5 Rxd1 30. Rxd1 Bd3 31. Qh4 g5 32.
Qxg5 Qf2 33. Qg3 Qxb2 34. e6 Rg8 35. Qe5+ Qxe5 36. Nxe5 Re8 37. Nxd3 {
1/2-1/2 (37) Gostisa,L (2410)-Mohr,G (2415)/Slovenia 1992/TD}) 12. a3 Bd6 13.
Bd3 O-O 14. Nxe4 dxe4 15. Bxe4 Bxf4 16. Qd3 Bd7 17. Bxh7+ Kh8 18. Bg6 e5 19.
dxe5 Nxe5 20. Nxe5 Bxe5 21. Be3 Qxb2 22. Qxd7 Qxa1+ 23. Ke2 Qb2+ 24. Bd2 Bf4
25. Rb1 Qe5+ 26. Kd1 Rad8 {0-1 (26) Engerer,H-Kienast,J/Bingen 1991/GER}) 11...
Bb4+ 12. Bd2 (12. Kf2) 12... Ne4 (12... Bxd2+ 13. Qxd2 Ne4 $15) 13. Bc3 O-O 14.
Bg2 Bd7 15. O-O Rac8 16. Bxb4 (16. Qb3) 16... Nxb4 $15 17. Ne1 (17. Nc3 Nxc3
18. bxc3 Rxc3 19. Rb1 a5 20. Ne5 $15) 17... Bb5 $17 18. Bf3 (18. Bh3) 18... Qa6
(18... Nc6 $19) 19. a3 Nd3 {Diagrama #} (19... Nc6) 20. Nxd3 $2 (20. a4 Nc1 21.
Rxc1 Bxe2 22. Bxe2 Rxc1 23. Qxc1 Qxe2 $15) 20... Bxd3 $19 21. Re1 Bc2 $2 (21...
Rc2) 22. Qc1 $15 Qd3 23. Bxe4 Qxe4 (23... dxe4) 24. Qd2 $11 Qg6 25. Nc3 Bf5 26.
Re3 Qf6 27. Re5 Rc4 28. Rae1 Qd8 29. Qe3 Qb6 {Diagrama #} 30. Rxe6 $2 (30. b3
Qxb3 31. Nxd5 Qxe3+ 32. Nxe3 Rxd4 33. Nxf5 exf5 34. Re7 $11) 30... Bxe6 31.
Qxe6+ Qxe6 32. Rxe6 Rxd4 33. Re7 Rd2 34. Rxb7 Rc8 35. Na2 Rcc2 0-1

[Event "Open de Sevilla 2012"]
[Site "?"]
[Date "2012.01.08"]
[Round "2"]
[White "Razmyslov, Alexander"]
[Black "Ortega Valle, Jose Ramon"]
[Result "1-0"]
[WhiteElo "2435"]
[BlackElo "2048"]
[Annotator "Montecatine,R"]
[PlyCount "35"]
[EventDate "2012.01.08"]
[SourceDate "2012.01.07"]

1. Nf3 Nf6 2. d4 g6 3. c4 Bg7 4. Nc3 O-O 5. Bg5 d6 6. e3 Na6 7. Be2 c5 8. O-O
Bf5 9. Bd3 Bxd3 10. Qxd3 Nb4 11. Qe2 Rc8 12. Rfd1 Na6 $6 (12... cxd4 13. exd4
h6 $14) 13. h3 h6 14. Bh4 b6 15. Rac1 Qc7 16. Nd5 Nxd5 17. cxd5 {Diagrama #}
Qb7 (17... Nb8) 18. Bxe7 $16 1-0

[Event "Open de Sevilla 2012"]
[Site "?"]
[Date "2012.01.08"]
[Round "2"]
[White "Teran Alvarez, Ismael"]
[Black "Ferrer Freyre, David"]
[Result "1-0"]
[WhiteElo "2422"]
[BlackElo "2042"]
[Annotator "Montecatine,R"]
[PlyCount "51"]
[EventDate "2012.01.08"]
[SourceDate "2012.01.07"]

1. c4 Nf6 2. g3 g6 3. Bg2 Bg7 4. Nc3 O-O 5. Nf3 d6 6. O-O Nc6 7. Rb1 e5 8. d3
Ne7 9. b4 c6 10. b5 Qc7 11. bxc6 bxc6 12. Ba3 {Diagrama #} Bd7 $2 13. Nxe5 $16
dxe5 14. Bxe7 Rfe8 15. Bc5 Rab8 16. Qa4 a5 17. Qa3 Rxb1 18. Rxb1 Bf8 19. Bxf8
Rxf8 20. Qc5 Rb8 21. Rb5 Ra8 22. Nd5 Nxd5 23. cxd5 Rc8 24. d6 Qd8 25. Rb7 f6
26. Qa7 1-0

[Event "Open de Sevilla 2012"]
[Site "?"]
[Date "2012.01.08"]
[Round "2"]
[White "Morais , Vitor"]
[Black "Pogorelov, Ruslan"]
[Result "0-1"]
[WhiteElo "2015"]
[BlackElo "2423"]
[Annotator "Montecatine,R"]
[PlyCount "63"]
[EventDate "2012.01.08"]
[SourceDate "2012.01.07"]

1. Nc3 c5 2. Nf3 e6 3. d4 cxd4 4. Nxd4 a6 5. g3 Nc6 6. Nxc6 bxc6 7. Bg2 d5 8.
O-O Nf6 9. e4 Be7 10. exd5 cxd5 11. Na4 Bd7 12. c4 Rc8 13. cxd5 Nxd5 14. Bd2 (
14. Bxd5 $5 exd5 15. Be3) 14... Bb5 15. Re1 Nb4 16. Nc3 Nd3 17. Nxb5 Nxe1 18.
Bb7 $6 (18. Na7 Nxg2 19. Nxc8 Qxc8 20. Rc1 Qd7 21. Kxg2 $11) 18... Rc2 (18...
axb5 19. Bxc8 Qxd2 20. Qxe1 Qxb2 $15) 19. Bxe1 Qxd1 20. Rxd1 axb5 {Diagrama #}
21. Be4 $2 (21. Bc3 f5 (21... O-O 22. Be4 Rxc3 23. bxc3 Rc8 $11) 22. Bc6+ Kf7
23. Bxb5 $11) 21... Rc4 22. Bd3 Rc5 $17 23. Bc3 f6 24. a3 (24. Kf1) (24. Bf1)
24... Kf7 $19 25. Re1 Rd8 26. Bb1 Rc6 27. Ba2 Bxa3 28. bxa3 Rxc3 29. Rxe6 Kg6
30. Ra6 Rc1+ 31. Kg2 Rd2 32. Bb3 0-1

[Event "Open de Sevilla 2012"]
[Site "?"]
[Date "2012.01.08"]
[Round "2"]
[White "Burmakin, Vladimir"]
[Black "Blanco Perez, David"]
[Result "1/2-1/2"]
[WhiteElo "2593"]
[BlackElo "2126"]
[Annotator "Montecatine,R"]
[PlyCount "100"]
[EventDate "2012.01.08"]
[SourceDate "2012.01.07"]

1. Nf3 Nc6 2. d4 d5 3. Bf4 Bg4 4. e3 e6 5. c4 Bb4+ 6. Nc3 Nf6 7. a3 Bxc3+ 8.
bxc3 O-O 9. Bg5 h6 10. cxd5 exd5 11. Bh4 g5 12. Bg3 Ne4 13. Qb3 (13. Bd3) 13...
Na5 14. Qb2 Bf5 15. Nd2 Nxd2 16. Kxd2 b6 17. h4 c5 (17... g4) 18. hxg5 hxg5 19.
Ke1 cxd4 20. cxd4 Rc8 21. Ba6 (21. Rc1 Rxc1+ 22. Qxc1 Qe7) 21... Rc2 22. Qb4
Re8 (22... Nc4 23. Bxc4 dxc4 $15) 23. Kf1 Re6 24. Kg1 Qe8 (24... Nc4) 25. Re1
Kg7 26. a4 Be4 27. Be2 Ra2 28. Qb5 Qxb5 29. axb5 Rc2 (29... Re7 $15) 30. Bf1
Re8 31. f3 Bf5 32. Bf2 f6 (32... Nc4) 33. g4 Bg6 34. Kg2 Nb3 35. Kg3 Rc3 36.
Rh2 Re7 37. Re2 Bc2 38. Re1 Bg6 39. Rh1 Nd2 40. Be2 Nc4 41. Rc1 Rxc1 42. Rxc1
Nxe3 43. Bxe3 Rxe3 44. Rc7+ Bf7 45. Kf2 Ra3 46. Re7 Kf8 47. Rd7 Be6 48. Rc7 f5
49. gxf5 Bxf5 50. Rb7 Be6 $15 {Diagrama #} 1/2-1/2

[Event "Open de Sevilla 2012"]
[Site "?"]
[Date "2012.01.08"]
[Round "2"]
[White "Fernandez Rodriguez, Jose A"]
[Black "Rizouk, Aimen"]
[Result "1/2-1/2"]
[WhiteElo "2103"]
[BlackElo "2539"]
[Annotator "Montecatine,R"]
[PlyCount "90"]
[EventDate "2012.01.08"]
[SourceDate "2012.01.07"]

1. e4 e5 2. f4 exf4 3. Nf3 d6 4. Bc4 h6 5. h4 Nf6 6. Nc3 c6 7. d4 d5 8. exd5
cxd5 9. Qe2+ (9. Bb5+ Bd7 10. Qe2+ Be7 11. Bxf4 O-O 12. Ne5 Nc6 13. Bxc6 Bxc6
14. O-O Bd6 15. Ng4 Re8 16. Qf3 Nxg4 17. Qxg4 Bxf4 18. Rxf4 Rc8 19. Raf1 Bd7
20. Qf3 Be6 21. Rf2 Qd7 22. Nd1 Qa4 23. Ne3 Qxa2 24. Rxf7 Bxf7 25. Qxf7+ Kh7
26. Nf5 Rg8 27. Ne7 Qb1+ 28. Kh2 Rcf8 29. Qg6+ Kh8 30. Qe6 Kh7 31. Qg6+ Kh8 32.
Qd3 Rf6 33. Rxf6 gxf6 34. Nxg8 Kxg8 35. Qg6+ Kf8 36. Qxf6+ Ke8 37. Qe6+ Kd8 38.
Qxd5+ Kc8 39. Qe6+ Kd8 40. d5 Qxb2 41. Qd6+ Ke8 42. c4 a5 43. c5 Qb4 44. Qe6+
Kd8 45. Qf6+ Kd7 46. c6+ bxc6 47. Qxc6+ Kd8 48. Qxh6 a4 49. Qf6+ Kd7 50. Qc6+
Kd8 {1/2-1/2 (50) Kotliar,M (2305)-Dudakov,S/Israel 1986/CBM 001}) 9... Be6 10.
Bb5+ Nbd7 11. Bxf4 Bb4 12. Bd3 O-O 13. O-O Re8 (13... a6) 14. Rae1 $6 (14. Nb5
Bg4 15. Qd1 Ba5 16. Nd6 Bc7 17. Nxe8 Bxf4 18. Nxf6+ Nxf6 $44) 14... Rc8 $15 15.
Qd2 Qa5 (15... Ne4 16. Bxe4 dxe4 17. Rxe4 Nf6 18. Re5 Bxa2 $15) 16. a3 $6 (16.
Bxh6 Ne4 (16... gxh6 17. Qxh6 Bf8 18. Qg5+ Bg7 19. h5 Kh8 20. h6 Bf8 21. Ne5
Qd8 22. Re2 $14) 17. Bxe4 dxe4 18. Rxe4 gxh6 19. Qxh6 Bf8 20. Qe3 Bg7 $15)
16... Bxc3 17. bxc3 Ne4 18. Bxe4 dxe4 19. Rxe4 Qxc3 (19... Qxa3 20. Bxh6 gxh6
21. Qxh6 Qf8 22. Qe3 Bc4 23. Re1 Rxe4 24. Qxe4 Nf6 25. Qf5 $44) 20. Bxh6 Qxd2
21. Bxd2 Nf6 22. Re2 Rxc2 $15 23. Rfe1 Rec8 24. Bb4 Bd5 25. Ng5 (25. Rxc2 Rxc2
26. Re7) 25... R2c4 (25... Rxe2 26. Rxe2 Rc4 $17) 26. Rd2 b6 27. Kh2 a5 28. Bd6
Rc2 29. Bf4 $2 (29. Rde2) 29... R8c3 (29... R2c3 $19 30. Bd6 Ng4+ 31. Kg1 Re3
32. Rb1 f6 $19) 30. Rxc2 Rxc2 31. Rc1 Rxg2+ 32. Kh3 Re2 33. Rc8+ Re8 34. Rc7
Nh5 $19 35. Kg4 Nxf4 36. Kxf4 f6 37. Nf3 Re4+ 38. Kf5 {Diagrama #} g6+ $2 (
38... Re3 39. Ng1 a4 $19) 39. Kxg6 Kf8 40. Kxf6 Rf4+ 41. Ke5 Rxf3 42. Kxd5 Rxa3
43. Rb7 Rb3 44. h5 Rb5+ 45. Kc4 Rxh5 1/2-1/2

[Event "Open de Sevilla 2012"]
[Site "?"]
[Date "2012.01.08"]
[Round "2"]
[White "Haslinger, Stewart G"]
[Black "Espejo Hava, Francisco"]
[Result "1-0"]
[WhiteElo "2534"]
[BlackElo "2105"]
[Annotator "Montecatine,R"]
[PlyCount "107"]
[EventDate "2012.01.08"]
[SourceDate "2012.01.07"]

1. e4 e5 2. Nf3 Nc6 3. d4 exd4 4. Nxd4 Nf6 5. Nxc6 bxc6 6. e5 Qe7 7. Qe2 Nd5 8.
c4 Nb6 9. Nc3 Qe6 10. Qe4 d5 11. exd6 Qxe4+ 12. Nxe4 cxd6 13. b3 d5 14. cxd5
Bb4+ 15. Bd2 Nxd5 16. Bc4 Bxd2+ 17. Nxd2 O-O 18. O-O Be6 $14 19. Rac1 Nf4 (
19... Rad8) 20. g3 Rad8 21. Nb1 Bxc4 (21... Nd5) 22. Rxc4 Ne2+ 23. Kg2 Rd6 24.
Ra4 (24. Re4 Nd4 25. Re7 $16) 24... Rd7 25. Re4 Nd4 26. Rc1 g6 27. Rc4 Rfd8 28.
Nc3 Kf8 29. Na4 Rd5 30. Re1 Re8 31. Rxe8+ Kxe8 32. Nc3 Rd7 33. Ne4 Ke7 34. f4
f5 35. Nc5 Rd5 36. Kf2 (36. a4) 36... Kd6 $11 37. b4 Nb5 38. Ke3 Na3 (38... Rd1
$11) 39. Rc3 (39. Rc1 $16) 39... Nb5 40. Rc1 Na3 41. h3 h5 42. Nd3 Kc7 43. Ne5
Rd6 44. Rc5 Kb6 45. Ke2 Kc7 46. Ke3 Kb6 47. Rc3 Nb5 48. Rc1 Na3 49. Rc5 Kc7 50.
Ke2 {Diagrama #} Kb6 $2 (50... Re6) 51. Ra5 $18 Nb5 52. Nc4+ Kc7 53. Nxd6 Kxd6
54. Kd3 1-0

[Event "Open de Sevilla 2012"]
[Site "?"]
[Date "2012.01.08"]
[Round "2"]
[White "Guidi, Mauricio"]
[Black "Saric, Ante"]
[Result "0-1"]
[WhiteElo "2076"]
[BlackElo "2528"]
[Annotator "Montecatine,R"]
[PlyCount "54"]
[EventDate "2012.01.08"]
[SourceDate "2012.01.07"]

1. b3 c5 2. Bb2 Nc6 3. e3 e5 4. g3 d5 5. Bg2 Be6 6. Ne2 Qd7 7. h3 d4 8. d3 Bd6
9. Nd2 f5 10. e4 f4 11. gxf4 exf4 12. Nf3 Nge7 13. Qd2 Ng6 14. a3 O-O 15. Neg1
a5 16. a4 Nb4 17. h4 h6 18. h5 Ne5 19. Nxe5 Bxe5 20. Nf3 Bc7 21. Nh4 b5 22.
axb5 Qxb5 23. Ng6 Rf7 24. Ke2 Nxc2 25. Qxc2 Bxb3 26. Qd2 Ra6 27. Bf3 a4 {
Diagrama # Ilegible} 0-1

[Event "Open de Sevilla 2012"]
[Site "?"]
[Date "2012.01.08"]
[Round "2"]
[White "Justiniano Marquez, Marco A"]
[Black "Mirzoev, Azer"]
[Result "0-1"]
[WhiteElo "2066"]
[BlackElo "2523"]
[Annotator "Montecatine,R"]
[PlyCount "122"]
[EventDate "2012.01.08"]
[SourceDate "2012.01.07"]

1. d4 Nf6 2. Nf3 c5 3. c3 Qb6 4. Qb3 Qc7 5. Nbd2 d6 6. e4 Nc6 7. d5 Nb8 8. Bb5+
Nbd7 9. a4 g6 10. O-O Bg7 11. Re1 O-O 12. Bf1 b6 13. a5 bxa5 14. Qa4 Nb6 15.
Qxa5 Bd7 16. Nc4 Rfb8 17. e5 (17. Bd3) 17... Nfxd5 18. exd6 exd6 19. Nxb6 Qxb6
20. Qa2 Bc6 $6 (20... Nf6 $15) 21. Bc4 $6 (21. Rd1 $11) 21... Qb7 22. Rd1 Nb6
23. Ba6 (23. Rxd6 Nxc4 24. Qxc4 Re8 $17) 23... Qc7 $15 24. Bf4 Rd8 25. Nd2 Bd5
26. Qa5 Be5 27. Bxe5 dxe5 28. Nc4 Kg7 29. Ne3 Be6 30. Bf1 Rxd1 31. Rxd1 Nd5 32.
Qxc7 Nxc7 33. Ra1 a5 34. Bc4 Bd7 {Diagrama #} 35. Rd1 $6 (35. Bf1) 35... Be8
36. Nd5 Rd8 $19 37. Ne3 Rxd1+ 38. Nxd1 Nb5 39. Ne3 Nd6 40. Ba6 f5 41. Nc4 Nxc4
42. Bxc4 Bf7 43. Bb5 e4 44. Kf1 g5 45. Ke1 Kf6 46. g3 Ke5 47. Kd2 f4 48. Be2
Bg6 49. Bd1 h6 50. Be2 h5 51. Bd1 h4 52. gxh4 gxh4 53. Bg4 Kf6 54. Bh3 Kg5 55.
Be6 Bf5 56. Bc4 Kg4 57. Bf1 Kf3 58. Ke1 e3 59. Be2+ Kg2 60. Bf1+ Kxh2 61. fxe3
fxe3 0-1

[Event "Open de Sevilla 2012"]
[Site "?"]
[Date "2012.01.08"]
[Round "2"]
[White "Paunovic, Dragan"]
[Black "Gutierrez Valero, Mario"]
[Result "1/2-1/2"]
[WhiteElo "2520"]
[BlackElo "2074"]
[Annotator "Montecatine,R"]
[PlyCount "174"]
[EventDate "2012.01.08"]
[SourceDate "2012.01.07"]

1. c4 Nf6 2. Nf3 g6 3. g3 Bg7 4. Bg2 O-O 5. Nc3 d6 6. O-O e5 7. d3 h6 8. Rb1 a5
9. a3 Re8 10. Nd2 c6 11. Nde4 Nxe4 12. dxe4 Na6 13. Be3 Nc5 14. Qc2 Ne6 15. Na4
Nd4 16. Bxd4 exd4 17. c5 dxc5 18. Nxc5 b6 19. Nd3 c5 20. b4 Be6 $6 (20... cxb4
21. axb4 a4 $15) 21. bxc5 bxc5 22. Qxc5 (22. Nxc5 Rc8 23. Rfc1 $14) 22... Bf8
23. Qc1 Rc8 24. Qd2 Rc3 25. a4 Bb3 26. Rfc1 Rxc1+ 27. Rxc1 Bxa4 28. Ra1 Bc6 29.
Qxa5 Qxa5 30. Rxa5 Bxe4 31. Bxe4 Rxe4 $14 32. Kf1 Bg7 33. Rd5 Re8 34. Nc5 Re5 (
34... Rb8) 35. Rd8+ Kh7 36. Nb3 Rb5 37. Nxd4 Rb1+ 38. Kg2 Bxd4 39. Rxd4 {
Diagrama #} h5 40. h4 Kg7 41. Kf3 Rb3+ 42. e3 Rb2 43. e4 Ra2 44. Ke3 Ra3+ 45.
Kf4 Ra5 46. f3 Ra1 47. Rd7 Ra5 48. Rc7 Rb5 49. e5 Rb4+ 50. Ke3 Rb5 51. f4 Rb3+
52. Kd4 Kf8 53. Rc3 Rb4+ 54. Ke3 Ra4 55. Kf3 Ra1 56. Kg2 Kg7 57. Rf3 Ra2+ 58.
Kh3 Ra1 59. Rf2 Rh1+ 60. Kg2 Ra1 61. Rf3 Ra2+ 62. Kf1 Ra5 63. Ke2 Ra2+ 64. Ke3
Ra3+ 65. Ke4 Ra4+ 66. Kd5 Ra5+ 67. Kd6 Ra6+ 68. Kc7 Ra5 69. Rc3 Ra4 70. Kd7
Ra7+ 71. Rc7 Ra6 72. Ke8 Ra8+ 73. Ke7 Ra6 74. Rd7 Rb6 75. Kd8 Kg8 76. Rd6 Rb3 {
Diagrama #} 77. f5 (77. Ke7 Kg7 78. Ke8 Rb8+ 79. Rd8 Rb6) 77... gxf5 78. Rf6
Rxg3 79. Rxf5 Rg6 80. Rxh5 Re6 81. Rf5 Kg7 82. h5 Kg8 83. Kc7 Kg7 84. Kd7 Kg8
85. Rg5+ Kh7 86. Rf5 Kg7 87. Rg5+ Kh7 1/2-1/2